Statistiques concernant Villes avec le plus grand nombre de gratte-ciel

Cliquez ici pour prendre le quiz!

Statistiques générales

  • Ce quiz a été pris 5,522 fois
    (2,745 depuis la dernière actualisation)
  • Le résultat moyen est 12 sur 29

Statistiques - réponses

n ° ville % Correct
257New York City
99%
145Tokyo
89%
177Dubaï
76%
145Shanghai
76%
317Hong Kong
71%
121Chicago
69%
82Singapour
65%
40Moscou
58%
83Séoul
54%
74Jakarta
53%
55Toronto
48%
42Miami
45%
65Bangkok
44%
118Mumbai
43%
41Osaka
43%
53Kuala Lumpur
43%
103Canton
40%
40Manille
37%
41Istanbul
28%
40Melbourne
23%
101Shenzhen
21%
45Wuhan
14%
49Tianjin
12%
54Busan
10%
79Chengdu
10%
52Panama
9%
55Nanjing
9%
112Chongqing
8%
74Shenyang
3%

Distribution des résultats

Percentile par nombre de réponses

% des personnes avec chaque résultat

Votre développement - résultats

Vous n’avez pas pris ce quiz depuis la dernière actualisation